Регионална библиотека "Любен Каравелов" - Русе

Гората на призраците (Запис номер 103586)

MARC детайли
000 -Лидер
Контролно поле с фиксирана дължина 01319nam a2200337 c 4500
003 - Код на организацията, давaща контролен номер
Контролно поле BLK
005 - Дата и час на последна редакция
Контролно поле 20200218091014.0
008 - Елементи от данни с фиксирана дължина
fixed length control field 180409b bul|||||r ||||||| ||bul||
010 ## - Наследен системен номер
LC control number KNG00108663000
020 ## - Международен стандартен номер на книга ISBN
Международен стандартен номер на книга ISBN 954-657-410-4
-- издат.: ПАН
040 ## - Източник на каталожния запис
Идентификатор на билиотеката - собственик на записа BLK
041 ## - Код за език
Код за езика на текст/звукозапис или на отделно заглавие Български
Код за езика КДБФ Български
080 ## - УДК
Текстов определител УДК Българска литература
УДК код - определител по УДК 821.163.2
УДК определител -054.7-93-31
УДК - код + определител 821.163.2-054.7-93-31
100 1# - Редна дума - Автор
Автор Енев, Златко Димитров
Авторска отговорност първи автор
R(LIN) 280503
139 ## - Редно поле
Редна дума Енев, Златко Димитров
Авторски знак Ене - Е 64
245 10 - Сведения за заглавието
Заглавие Гората на призраците
Редно поле (дума) Златко Димитров Енев; ил. Андрей Кулев.
257 ## - Страна на издаване
Страна на създаване/издаване България
260 ## - Област на издателските данни
-- София
Име на издателя, разпространителя и проч. ПАН
Година на издаване 2001
Печатница София : Унискорп
300 ## - Физическа характеристика
Страници 288 с.
Илюстрации и др. с цв. ил., портр.
Размери/Мащаб 24 см
380 ## - Жанр
Жанр Детска худож. лит.
500 ## - Общи забележки
Забележка Съдържа и Няколко думи за автора. - Доп. тир. 2008.
653 ## - Ключова дума – ненормативна
Ключова дума романи
653 ## - Ключова дума – ненормативна
Ключова дума литература за деца
653 ## - Ключова дума – ненормативна
Ключова дума детска литература
700 1# - Други автори (авторска отговорност)
Лично име Кулев, Андрей
Автороска отговорност (Описва отношението между автора и произведението) ил.
9 (RLIN) 375000
852 ## - Местоположение
Форматна сигнатура Цб 216490
856 4# - Електронен адрес и достъп
Електронен формат pdf - файл
Път до файла /url/
856 4# - Електронен адрес и достъп
Електронен формат pdf - файл
Път до файла /url/
942 ## - АРТИКУЛИ
Вид на библиотечния материал Книги
Скрит в OPAC Не
Koha issues (borrowed), all copies 11
944 ## - СЪЗДАВАНЕ И РЕДАКЦИЯ на ЗАПИСА
Създаване/Редакция Създаване
Дата на регистрацията/редакция 30.10.2003
Статус, дата на статуса ф /
Служител, извършил регистрацията/редакцията Людмила_Стоянова
944 ## - СЪЗДАВАНЕ И РЕДАКЦИЯ на ЗАПИСА
Създаване/Редакция Редакция
Дата на регистрацията/редакция 30.12.2015
Статус, дата на статуса ф /
Служител, извършил регистрацията/редакцията Людмила_Стоянова
999 ## - СИСТЕМНИ КОНТРОЛНИ НОМЕРА
Koha biblionumber 103586
Koha biblioitemnumber 103586
Наличности
Код за отписване Код за изгубен артикул Код за повреда Коз за рестрикции Код за отдаване Артикулен № Име на библиотеката - собственик Име на библиотеката, в която се намира в момента Статус (Текущо местоположение) Дата на вписване в системата Местоположение - отдел Цена в лева Инвентарен номер Систематично азбучна сигнатура Баркод Номер на екземпляра Цена в евро Служебна бележка Служебен тип на артикула Източник на класификационната схема
  Не е изгубен Не е повреден без рестрикции ползва се в читалня 167124 Регионална библиотека "Любен Каравелов" Русе Регионална библиотека "Любен Каравелов" Русе Хранилище 2003-10-30 Хранилище 6.90 120000679504 Цб 216490 120000679504 1 3.53 Дост: Dp Вид: Д N: 45 Дата: 30.10.2002 Книги  
  Не е изгубен Не е повреден без рестрикции заемане за дома 167125 Регионална библиотека "Любен Каравелов" Русе Регионална библиотека "Любен Каравелов" Русе Детски отдел 2015-07-27 Детски отдел 6.90 120000790646 ДХ 886.7/Е 64 120000790646 2 3.53 Дост: DA Вид: А N: 14 Дата: 27.07.2015 Дата инв: 26.10.2015 Бележки инв: Д2015 Книги Universal Decimal Classification
  Не е изгубен Не е повреден без рестрикции заемане за дома 167126 Регионална библиотека "Любен Каравелов" Русе Регионална библиотека "Любен Каравелов" Русе Детски отдел 2015-12-17 Детски отдел 9.00 120000795729 ДХ 886.7/Е 64 120000795729 3 4.60 Дост: Pk Вид: Ф N: 447 Дата: 14.12.2015 Книги  
  Не е изгубен Не е повреден без рестрикции заемане за дома 167127 Регионална библиотека "Любен Каравелов" Русе Регионална библиотека "Любен Каравелов" Русе Детски отдел 2015-12-17 Детски отдел 9.00 120000795730 ДХ 886.7/Е 64 120000795730 4 4.60 Дост: Pk Вид: Ф N: 447 Дата: 14.12.2015 Книги  
  Не е изгубен Не е повреден без рестрикции заемане за дома 167128 Регионална библиотека "Любен Каравелов" Русе Регионална библиотека "Любен Каравелов" Русе Детски отдел 2015-12-17 Детски отдел 9.00 120000795731 ДХ 886.7/Е 64 120000795731 5 4.60 Дост: Pk Вид: Ф N: 447 Дата: 14.12.2015 Книги  
Vip Innovations Ltd, Rousse, Bulgaria 2025